000 00503nam a2200169Ia 4500
999 _c32375
_d32375
003 OSt
005 20200804151634.0
008 190216s9999||||xx |||||||||||||| ||und||
020 _a9788120326774
040 _coclc
082 _a519.72
_bCHA/L
100 _aChatterjee, Dipak
_9896
245 0 _aLinear Programming And Game Theory /
_cDipak Chatterjee
260 _bPHI Learning Pvt Ltd,
_c2009.
_aNew Delhi:
300 _a310p
942 _cBK
_2ddc
_h519.72
_iCHA/L
_k519.72
_mCHA/L